| 000 | 00000nam##2200000za#4500 |
| 001 | 9.571838 |
| 003 | CaOODSP |
| 005 | 20210624182925 |
| 007 | cr ||||||||||| |
| 008 | 150406|2006||||xxc|||||o f|0| 0 eng|d |
| 040 | |aCaOODSP|beng |
| 043 | |an-cn--- |
| 086 | 1 |aNH18-24/2-2006E-PDF |
| 110 | 2 |aCanada Mortgage and Housing Corporation. |
| 245 | 10|aCombustion gases in your home : |h[electronic resource]|bthings you should know about combustion spillage |
| 250 | |aRev. 2006 |
| 260 | |bCanada Mortgage and Housing Corporation |cc1995. |
| 300 | |a6p.|bfigs. |
| 490 | 1 |aAbout your house|vCE2 |
| 590 | |a11-23-Supp|b2011-10-17 |
| 690 | 07|aHeating|2gcpds |
| 690 | 07|aHousing|2gcpds |
| 775 | 08|tLes gaz de combustion dans votre maison : |w(CaOODSP)9.602259 |
| 830 | #0|aAbout your house ;|vCE2|w(CaOODSP)9.505388 |
| 856 | 40|ahttp://publications.gc.ca|qPDF|s922 KB|uhttps://publications.gc.ca/collections/collection_2011/schl-cmhc/nh18-24/NH18-24-2-2006-eng.pdf|yCE2 |